00627nam a22002177a 450000500170000001000130001702000220003003500130005203700160006504000120008108200170009310000170011024501050012726000410023227000340027330000210030750000190032865000200034765000260036770000160039320170124110112.0 aA-779719 c00.00a8172244681 aA-779719 bCen Lib/Ret aDPLbEN a658.456bTAY aTaylor, H. M aThe right way to conduct meetings, conferences and discussions /cby H. M. Taylor [and] A. G. Mears aBombaybJaico Publishing Housec1995 a121, M G RoadbBombaye400001 a124p. c21cm(Hb) aIncludes Index aPublic meetings aMeetings -- Procedure aMears, A. G